000 02470cam a2200325 a 4500
003 EG-GiCUC
005 20250223031737.0
008 170620s2016 ua d f m 000 0 spa d
040 _aEG-GiCUC
_beng
_cEG-GiCUC
041 0 _aSpa
049 _aDeposite
097 _aM.A
099 _aCai01.02.16.M.A.2016.Ta.G
100 0 _aTaha Ahmed Ahmed Ziada
245 1 0 _aGuía de traducción periodística :
_bArabe {u2013} Español, Español-Arabe /
_cTaha Ahmed Ahmed Ziada ; Supervised Abeer Abelhafez
246 1 5 _aنحو كتيب للترجمة الصجفية : إسباني -عربي:عربي إسباني
260 _aCairo :
_bTaha Ahmed Ahmed Ziada ,
_c2016
300 _a191 P. :
_bcharts ;
_c25cm
502 _aThesis (M.A.) - Cairo University - Faculty of Arts - Departamento de la Lengua y Literatura Hispánicas
520 _aThis research offers style book for journalistic translation, focusing on theoretical and analytical aspects of the translation studies, which may interest professional translators involved in the field of journalistic translation, and academic researchers who are studying the theories of translation and its links with the construction of cultures in the era of globalization. Therefore, it intended by analyzing techniques and strategies journalistic translation on the one hand and; secondly, the implementation of these strategies and techniques gathered practical and representative examples of texts from Arabic and Spanish newspapers, to conclude whether or not translation serves as a tool of resistance against stereotypes and prejudices. This study is divided into two chapters, the theoretical part presents the translation techniques in general and their strategies used with journalistic texts, while the second, the practical part contains a thematic guide, which analyzes the treatment of journalistic translation to important issues such as Gibraltar, Ceuta and Melilla, unemployment and elections in Spain, the Palestinian cause and the fight against terrorism, accompanied with glossary of terms and frequently expressions used by journalistic translation.
530 _aIssued also as CD
653 4 _aGlossary
653 4 _aGuide of journalistic translation
653 4 _aTranslation studies
700 0 _aAbeer Abdelhafez ,
_eSupervisor
856 _uhttp://172.23.153.220/th.pdf
905 _aNazla
_eRevisor
905 _aShimaa
_eCataloger
942 _2ddc
_cTH
999 _c61372
_d61372